00353nam a2200145Ia 4500003000500000008004100005020001800046040001900064082000700083100004300090245002000133260003400153300000800187546001200195STCL181203s9999 xx 000 0 und d a9780571241705 aSTCLbENcSTCL 222 aKazantzakis, Nikos; Wildman, Carl, Tr. 0aZorba the Greek bFaber and FaberaLondonc2008 a335 aEnglish